Greece all time starting xi - Statistics

General Stats
  • This quiz has been taken 44 times
  • The average score is 4 of 11
Answer Stats
Hint Answer % Correct
DF(2008-2019 Sokratis Papastathopoulos
75%
GK(2018- Odysseas Vlachodimos
64%
DF(2013-2019 Kostas Manolas
56%
MF(1999-2014 Giorgos Karagounis
53%
DF(2018- Kostas Tsimikas
47%
MF(1994-2007 Theodoros Zagorakis
36%
MF(2003-2015 Kostas Katsouranis
28%
FW(1977-1988 Nikos Anastopoulos
11%
FW(2016- Tasos Bakasetas
6%
FW(2001-2011 Angelos Haristeas
3%
DF(1986-1998 Stratos Apostolakis
3%
No matching quizzes found
Score Distribution
Percent of People with Each Score
Percentile by Number Answered
Your Score History
You have not taken this quiz